000 01042cam a2200301 a 4500
001 78699
003 BD-RjUL
005 20211209083149.0
008 211107s1983 ua h b 001 0 ara
035 _a(BD-RjUL)78925
040 _aDLC
_cDLC
_dDLC
_beng
041 _aara
082 _223
_a892.71
_bHAD 1983
100 0 _a حسنين سيد حنفي ;; Hassanein Syed Hanafi
_d-674.
_9249610
245 1 0 _aديوان حسان بن ثابت ;; Dīwān Ḥassān ibn Thābit /
_cتحقيق سيد حنفي حسنين ;; taḥqīq Sayyid Ḥanafī Ḥasanayn
260 _aal-Qāhirah :القاهرة ‏
_bدار المعارف,
_c1983
300 _a546 p. :
_bfacsims. ;
_c24 cm.
490 1 _aal-Maktabah al-ʻArabīyah ;
_v136
490 0 _aTurāth ;
_v30
490 0 _aAdab ;
_v66
504 _aIncludes bibliographical references and indexes.
650 _aPoems.
_9249611
700 1 _aḤasanayn, Sayyid Ḥanafī.
_9249612
880 1 _a
942 _2ddc
_cBK
999 _c78699
_d78699